000 00336nam a2200133 i 4500
001 bg
100 1 _aRATYŃSKI, Władysław
245 0 _aLewica Związkowa w II Rzeczypospolitej /
_cWładysław Ratyński.
260 _aWarszawa,
_c1976.
040 _cBPK
041 _apol
942 _cKS
008 s pl f |000 0 pol
999 _c27252
_d27252
856 _uhttp://koha.tu.koszalin.pl/cgi-bin/koha/opac-detail.pl?biblionumber=27252
_yKatalog online BPK